00699nam a22002057a 450000500170000001000150001702000260003203500140005803700090007208200080008110000300008924500550011925000060017426000440018027000460022430000270027094200220029799900190031995201550033820260319121451.0 aENG-148039 a9789352618071c795.00 aEN-131571 bDBAD a921 aPokhriyal, Ramesh 988629 aYug Purush Bharat Ratna Atal ji/cRamesh Pokhriyal a1 aNew Delhi bDiamond Pocket Books c2016 bNew Delhi aX-30, Okhla Ind Area e110020 a544p.c22 cm(pb)bill. 2ddccHNh921mPOK c215651d215651 001040708NFICaDBADbZLSd2026-03-19eDelivery of Books Act Divisiong795.00l0o921 POKpEN-131571r2026-03-19 00:00:00t1v795.00w2026-03-19yHN